000 00318nam a2200133Ia 4500
008 151001s9999||||xx |||||||||||||| ||und||
100 _a गुलजार
245 _aअंगूर
250 _a1
260 _bहिंद पॉकेट बुक्स
260 _c1982
300 _a152
365 _b17
999 _c961914
_d961911